| 000 | 01781nam2a2200265 4500 | ||
|---|---|---|---|
| 001 | RU\NLR\BIBL_A\011353180 | ||
| 005 | 20250626051526.0 | ||
| 010 |
_a978-5-7310-3755-6 _970 |
||
| 021 |
_aRU _b2017-14999 _91112 |
||
| 035 | _a(NLR Aleph) 011353180 | ||
| 090 |
_a11256712 _c11256712 |
||
| 100 | _a20170324d2017 |||y0rusy50 ca | ||
| 101 | 0 | _arus | |
| 102 | _aRU | ||
| 105 | _ay|||z|||110yy | ||
| 200 | 0 | _aВып. 2 | |
| 210 |
_d2017 _aБ. м. |
||
| 215 |
_a102 с. _cил. |
||
| 320 | _aБиблиогр. в конце ст. | ||
| 461 | 0 |
_1001RU\NLR\BIBL_A\011369115 _12001#$aЭкономика, право, организация и управление в социальной работе$eсборник научных трудов ежегодного городского научно-практического семинара$fпод редакцией доктора филологических наук, профессора К.М. Оганяна$vВып. 2 _911340676 _cСанкт-Петербург _d2017 _fпод редакцией доктора филологических наук, профессора К.М. Оганяна _nИзд-во Санкт-Петербургского государственного экономического университета _oсборник научных трудов ежегодного городского научно-практического семинара _tЭкономика, право, организация и управление в социальной работе _vВып. 2 |
|
| 942 | _cBOOK | ||
| 980 | _aNB | ||